Seeking Allah, finding Jesus : (Record no. 25176)

MARC details
000 -LEADER
fixed length control field 00901nam a22002297a 4500
003 - CONTROL NUMBER IDENTIFIER
control field AUA.1
005 - DATE AND TIME OF LATEST TRANSACTION
control field 20250710102942.0
007 - PHYSICAL DESCRIPTION FIXED FIELD--GENERAL INFORMATION
fixed length control field vd cvaizk
008 - FIXED-LENGTH DATA ELEMENTS--GENERAL INFORMATION
fixed length control field 250710b |||||||| |||| 00| vneng d
020 ## - INTERNATIONAL STANDARD BOOK NUMBER
International Standard Book Number 9780310520429
040 ## - CATALOGING SOURCE
Transcribing agency JTL
100 ## - MAIN ENTRY--PERSONAL NAME
Personal name Qureshi, Nabeel
245 ## - TITLE STATEMENT
Title Seeking Allah, finding Jesus :
Remainder of title a former Muslim shares the evidence that led him from Islam to Christianity /
Statement of responsibility, etc Nabeek Qureshi.
260 ## - PUBLICATION, DISTRIBUTION, ETC. (IMPRINT)
Name of publisher, distributor, etc Zondervan,
Date of publication, distribution, etc c2016.
300 ## - PHYSICAL DESCRIPTION
Extent 1 DVD.
306 ## - PLAYING TIME
Playing time 230 minutes.
505 ## - FORMATTED CONTENTS NOTE
Formatted contents note Session Titles:<br/>1. Understanding Islam<br/>2. Testing the New Testament<br/>3. Coming to the crux<br/>4. Jesus: mortal Messiah or divine Son of God?<br/>5. The case for the gospel<br/>6. The truth about Muhammad<br/>7. The holiness of the Quran<br/>8. Reaching your Muslim neighbor
600 ## - SUBJECT ADDED ENTRY--PERSONAL NAME
Personal name Qureshi, Nabeel
650 ## - SUBJECT ADDED ENTRY--TOPICAL TERM
Topical term or geographic name as entry element Autobiographies
650 ## - SUBJECT ADDED ENTRY--TOPICAL TERM
Topical term or geographic name as entry element Christian converts from Islam
942 ## - ADDED ENTRY ELEMENTS (KOHA)
Source of classification or shelving scheme AUA Inhouse Classification
Koha item type Audiovisual Item
Holdings
Withdrawn status Lost status Source of classification or shelving scheme Damaged status Not for loan Collection code Home library Current library Shelving location Date acquired Source of acquisition Cost, normal purchase price Serial Enumeration / chronology Total Checkouts Full call number Barcode Date last seen Cost, replacement price Price effective from Koha item type
    Library of Congress Classification     Audio-Visual Judith Thomas Library Judith Thomas Library Audio-Visuals 10/07/2025 Bought by JTL 45.00 DVD 444   DVD 444 DVD 444 10/07/2025 45.00 10/07/2025 Audiovisual Item